000 00735nam a22002657a 4500
001 6782
003 FISKH
005 20250528092432.0
008 250528b cb ||||| |||| 00| 0 eng d
020 _a9780545722186
040 _aFISKH
_beng
_cFISKH
_dFISKH
050 _aGV939.A1 K4493
082 _a796.332
100 _aKelley, K. C.
245 _aDynamic duos 2014 /
_cby K. C. Kelley
260 _aNew York ;
_bScholastic,
_c2014.
300 _a32 pages :
_bcolor illustrations ;
_c23 cm
505 _aR
520 _aAll the info on the top teammate duos in pro football.
521 8 _a690
_bLexile estimate
521 8 _aR
_bRaz-Plus
650 _aFootball
_vSports
942 _2ddc
_cBK
_n0
999 _c6782
_d6782